000 00462nam a2200181Ia 4500
001 18899
005 20260306171704.0
008 260306s9999||||xx |||||||||||||| ||und||
041 _aESP
082 _a658.562
_bB64
100 _aBlock, Marilyn R.
_eAUT
245 0 _aIntegración de la ISO 14001 en un sistema de gestión de calidad
260 _c2002
300 _a261 páginas :
_c23 cm.
650 _aGEN
654 _aCAN
942 _cLIB
_dJUS
_fJUS
_2ddc
_n
999 _c18899
_d18899